|
|
|
|
| LEADER |
00000nas a2200000 a 4500 |
| 001 |
ssj0000400087 |
| 003 |
WaSeSS |
| 005 |
20200512172242.0 |
| 006 |
m d |
| 007 |
cr n |
| 008 |
101208cuuuu9999sp || p|s||||||||||0spa|d |
| 035 |
|
|
|a (WaSeSS)ssj0000400087
|
| 040 |
|
|
|a WaSeSS
|c WaSeSS
|d WaSeSS
|
| 050 |
|
4 |
|a RC254.A1
|
| 245 |
0 |
0 |
|a Psicooncología
|h [electronic resource].
|
| 260 |
|
|
|a Madrid, Spain :
|b Universidad Complutense de Madrid
|
| 310 |
|
|
|a Three times a year
|
| 506 |
|
|
|a License restrictions may limit access.
|
| 588 |
|
|
|a Description based on: Vol. 3, issue 1 (2006); title from volume contents page (ProQuest, viewed Dec. 8, 2010).
|
| 588 |
|
|
|a Latest issue consulted: Vol. 7, issue 1 (2010) (viewed Dec. 8, 2010).
|
| 650 |
|
0 |
|a Oncology
|x Psychological aspects
|v Periodicals.
|
| 655 |
|
0 |
|a Electronic journals.
|
| 710 |
2 |
|
|a Universidad Complutense de Madrid.
|
| 776 |
0 |
8 |
|i Also issued in print:
|t Psicooncología
|x 1696-7240
|
| 856 |
4 |
0 |
|z Full text available from PRISMA Database with HAPI Index: 01/01/2006 to 01/31/2016
|u https://search.proquest.com/publication/85348
|